El renacer de la huelga obrera en Chile: el movimiento sindical en la primera década del siglo XXI

Shranjeno v:
Bibliografske podrobnosti
Main Authors: Aravena, Antonio (Author), Núñez, Daniel (Author)
Format: Knjiga
Jezik:španščina
Izdano: Santiago ICAL 2009
Teme:
Oznake: Označite
Brez oznak, prvi označite!

MARC

LEADER 00000nam a2200000 a 4500
001 UCH9258
003 CL-VaPUC
008 091231e20090000CL |||||||||||||||||spa|d
020 |a 9789567074105 
082 0 4 |a 331.892  |b ARA  |2 21 
100 0 |a Aravena, Antonio  |e author  |9 546197 
700 0 |a Núñez, Daniel  |e author  |9 546198 
245 1 3 |a El renacer de la huelga obrera en Chile: el movimiento sindical en la primera década del siglo XXI 
300 |a 134 p 
942 |c BK 
945 |d 20091231 00:00:00  |a rbrito 
260 |a Santiago  |b ICAL  |c 2009 
650 7 |a HUELGA  |2 CL-VaPUC  |9 17 
650 0 |a Sindicatos  |9 255034 
650 7 |a SINDICALISMO  |2 CL-VaPUC  |9 546199 
650 0 |a Trabajadores  |9 260887 
650 0 |a Negociación colectiva  |9 312433 
650 7 |a MOVIMIENTO SINDICAL  |2 CL-VaPUC  |9 469553 
583 |a last modification  |c 20091231 00:00:00  |k Rodrigo Vera 
999 |c 339273  |d 339271 
952 |0 0  |1 0  |4 0  |6 331_892000000000000_ARA_2009  |7 0  |8 A  |9 432824  |a BIBHIS  |b BIBHIS  |d 2019-11-22  |i 4629264  |o 331.892 ARA 2009  |p 4629264  |r 2025-01-20  |w 2019-11-22  |y BK  |k HIS